[Event "Chania op 9th"]
[Site "Chania"]
[Date "1999.08.10"]
[Round "8"]
[White "Mastrovasilis, Dimitrios"]
[Black "Koukoufikis, G."]
[Result "1-0"]
[WhiteElo "2384"]
[BlackElo "2162"]

1.e4 d6 2.d4 g6 3.Nc3 Bg7 4.Be3 c6 5.Qd2 b5 6.O-O-O a5 7.f4 Nf6 8.e5 b4 9.Na4 Ng4
10.Nf3 Nxe3 11.Qxe3 Be6 12.Ng5 Bg4 13.Bc4 d5 14.Be2 Bxe2 15.Qxe2 e6 16.g4 Bh6
17.h4 Nd7 18.Qe3 Bxg5 19.fxg5 Qe7 20.Rdf1 Rf8 21.Rf3 Rc8 22.Qe2 c5 23.Qa6 Qd8
24.dxc5 Nxc5 25.Nxc5 Rxc5 26.Rhf1 Ke7 27.Qe2 Qc7 28.Kb1 Rc4 29.Qf2 Ke8 30.Rf6 Qc5
31.Qf3 Qe7 32.b3 Re4 33.Qd3 Rxe5 34.Qb5+ Qd7 35.Qb8+  1-0

[Event "MK Cafe Cup-B"]
[Site "Koszalin"]
[Date "1999.08.10"]
[Round "7"]
[White "Iwaniuk, Dorota"]
[Black "Umanskaya, Irina"]
[Result "1-0"]
[WhiteElo "2189"]
[BlackElo "2333"]

1.e4 g6 2.d4 Bg7 3.Nc3 d6 4.Nge2 Nc6 5.Be3 Nf6 6.f3 e5 7.Qd2 exd4 8.Nxd4 O-O
9.O-O-O Nxd4 10.Bxd4 Be6 11.g4 c5 12.Be3 Qa5 13.a3 a6 14.g5 Nh5 15.Nd5 Qxd2+
16.Rxd2 Bxd5 17.Rxd5 Be5 18.Rd2 b5 19.Bh3 Rfd8 20.Bg4 Nf4 21.Rhd1 Rdb8 22.Bd7 Ra7
23.Bc6 Rc7 24.Bd5 Kg7 25.h4 a5 26.Rg1 a4 27.Rg4 Nxd5 28.exd5 Kg8 29.Re4 b4
30.Bf4 Bxf4 31.Rxf4 Re7 32.Re4 Reb7 33.Rde2 Kf8 34.Kd2 Rc7 35.Kd3 Rcc8 36.Kc4 Rc7
37.Rf4 Kg7 38.Rf6 Rd7 39.h5 gxh5 40.Rh2 bxa3 41.bxa3 Rb2 42.f4 Re7 43.Rxd6 Re4+
44.Kxc5 Rxf4 45.Rf6 Rg4 46.Rhf2 Rb7 47.Kc6 Ra7 48.Kb6 Rd7 49.Kc6 Ra7 50.R6f4 Rxg5
51.Kb6 Rd7 52.c4 Rg6+ 53.Kc5 Rc7+ 54.Kd4 Rg1 55.Rc2 Rd1+ 56.Ke5 Rd7 57.Rg2+ Kf8
58.Rff2 h4 59.Rh2 Rd3 60.Rxh4 Re3+ 61.Kd4 Rxa3 62.c5 Ra1 63.d6 a3 64.Rhh2 Rd1+
65.Rd2 Rc1 66.Rxh7 Ra7 67.Rg2  1-0

[Event "Mipap Cup"]
[Site "Olomouc"]
[Date "1999.08.10"]
[Round "5"]
[White "Van Wissen, Michiel E"]
[Black "Petran, Peter"]
[Result "0-1"]
[WhiteElo "2201"]
[BlackElo "2407"]

1.e4 g6 2.d4 Bg7 3.Nc3 d6 4.f4 a6 5.Nf3 b5 6.Bd3 Nd7 7.e5 e6 8.a4 b4 9.Ne4 d5
10.Neg5 h6 11.Nh3 a5 12.Qe2 c5 13.c3 Qb6 14.Be3 Bf8 15.O-O c4 16.Bb1 Ne7
17.Bf2 Qc6 18.Bh4 Nb6 19.Bf6 Rg8 20.g4 Nxa4 21.Qd2 b3 22.Nf2 Bd7 23.Nh1 Kd8
24.Ng3 Kc8 25.Kg2 Kb7 26.h4 Nb6 27.Kh3 a4 28.h5 a3 29.Rxa3 Rxa3 30.bxa3 Nec8
31.Nh4 Be8 32.g5 Nd7 33.f5 Nxf6 34.fxg6 hxg5 35.exf6 gxh4 36.g7 Bxg7 37.fxg7 Rxg7
38.Kxh4 f5 39.h6 Rg4+ 40.Kh3 Qc7 41.Qe1 Rg6 42.Qe3 Qh7 43.Kg2 Qxh6 44.Qe1 Qg5
45.Rf3 Nd6 46.Qe5 Ne4  0-1

[Event "MK Cafe Cup-B"]
[Site "Koszalin"]
[Date "1999.08.11"]
[Round "8"]
[White "Hasangatin, Ramil"]
[Black "Mista, Aleksander"]
[Result "1/2-1/2"]
[WhiteElo "2449"]
[BlackElo "2269"]

1.d4 g6 2.e4 Bg7 3.Nc3 d6 4.Be3 a6 5.a4 Nc6 6.h3 e5 7.Nge2 f5 8.exf5 gxf5
9.dxe5 dxe5 10.Qxd8+ Nxd8 11.f4 Ne6 12.O-O-O Ne7 13.fxe5 Bxe5 14.Bd4 Nxd4
15.Nxd4 Bxd4 16.Rxd4 Be6 17.Bd3 Rd8 18.Rb4 Bc8 19.Re1 Rg8 20.Bc4 Rg7 21.Nd5 Kf8
22.Nxc7 Rxg2 23.Ne6+ Bxe6 24.Bxe6 Rdd2 25.Rxb7 Rxc2+ 26.Kb1 Rce2 27.Rxe2 Rxe2
28.Bc4 Re4 29.b3 f4 30.Rb6 Kg7 31.Rxa6 Re1+ 32.Kb2 f3 33.Rd6 f2 34.a5 f1=Q
35.Bxf1 Rxf1 36.b4 Rf6 37.Rd7 Kf7 38.b5 Ke8 39.Rb7 Nc8 40.a6 Rh6 41.a7 Nxa7
42.Rxa7 Kd8 43.Ra3 Kc7 44.Kc2 Rh5 45.Rb3 Kb6 46.Kd2 Rxb5  1/2-1/2

[Event "MK Cafe Cup-A"]
[Site "Koszalin"]
[Date "1999.08.11"]
[Round "8"]
[White "Bobras, Piotr"]
[Black "Urban, Klaudiusz"]
[Result "0-1"]
[WhiteElo "2394"]
[BlackElo "2463"]

1.e4 g6 2.d4 Bg7 3.Nc3 d6 4.Bg5 a6 5.f4 b5 6.Nf3 Bb7 7.Bd3 b4 8.Ne2 Nf6 9.Ng3 O-O
10.Qe2 c5 11.dxc5 dxc5 12.f5 Nbd7 13.e5 Ng4 14.e6 Nde5 15.exf7+ Rxf7 16.Nxe5 Nxe5
17.Be4 Bxe4 18.Qxe4 Rc8 19.Rd1 Qa5 20.Qd5 Qc7 21.O-O Qc6 22.fxg6 hxg6 23.Ne4 Qxd5
24.Rxd5 Nc4 25.Rxf7 Kxf7 26.b3 Bd4+ 27.Rxd4 cxd4 28.bxc4 Rxc4 29.Bd2 a5 30.Kf2 Rxc2
31.Ke2 Rxa2 32.Nc5 e5 33.Kd3 b3 34.Nxb3 e4+  0-1

[Event "Mipap Cup"]
[Site "Olomouc"]
[Date "1999.08.11"]
[Round "6"]
[White "Sluka, Radek"]
[Black "Van Wissen, Michiel E"]
[Result "0-1"]
[WhiteElo "2340"]
[BlackElo "2201"]

1.e4 g6 2.d4 Bg7 3.Nc3 d6 4.Be3 a6 5.Qd2 b5 6.f3 Nd7 7.g4 Bb7 8.g5 e5 9.d5 h5
10.a4 b4 11.Na2 a5 12.c3 bxc3 13.Nxc3 Ne7 14.Nb5 O-O 15.Rc1 Nc5 16.Rc4 c6
17.dxc6 Bxc6 18.Bxc5 dxc5 19.Ne2 Qxd2+ 20.Kxd2 Rfd8+ 21.Kc2 Bd7 22.Rxc5 Nc6
23.Nec3 Rac8 24.Kb1 Be6 25.Nd5 Bf8 26.Rc1 Nb4 27.Rxc8 Rxc8 28.Nbc3 Kg7 29.Bb5 Bc5
30.Rd1 Bd4 31.Nxb4 axb4 32.Nd5 b3 33.Rc1 Rxc1+ 34.Kxc1 Bg1 35.a5 Bxh2 36.Ne3 Bf4
37.Kd2 h4 38.Bf1 Bc8 39.a6 Bxg5 40.a7 Bb7 41.Ke2 Be7 42.Nc4 Bc5 43.Na5 Ba8
44.Nxb3 Bxa7 45.Bh3 Kf6 46.Na5 Bc5 47.b3 Kg5 48.Nc4 Kf4 49.b4 Bxb4 50.Kf2 Bc5+
51.Kg2 f5 52.Nd2 Bb4 53.exf5 gxf5 54.Nb1 Bxf3+  0-1

[Event "BCF-ch 86th"]
[Site "Scarborough"]
[Date "1999.08.11"]
[Round "10"]
[White "Storey, Charles"]
[Black "Walker, David"]
[Result "0-1"]
[WhiteElo "2125"]
[BlackElo "2280"]

1.e4 g6 2.d4 Bg7 3.Nc3 d6 4.Be3 c6 5.Qd2 Nd7 6.g4 b5 7.f3 Nb6 8.b3 h5 9.g5 e6
10.f4 Ne7 11.Nf3 O-O 12.Ne2 c5 13.Rd1 Bb7 14.Ng3 b4 15.Bh3 Nf5 16.Bxf5 exf5
17.O-O fxe4 18.Nh4 Nd5 19.dxc5 dxc5 20.Bxc5 Re8 21.Ng2 h4 22.Nxh4 e3 23.Qg2 e2
24.Nxe2 Qc8 25.Rxd5 Bxd5 26.Qxd5 Rxe2 27.Bf2 Qg4+ 28.Bg3 Rc8 29.Nxg6 Rc3
30.Nh4 Rxg3+ 31.hxg3 Qxg3+ 32.Ng2 Bd4+  0-1

[Event "BCF-ch 86th"]
[Site "Scarborough"]
[Date "1999.08.11"]
[Round "10"]
[White "Jackson, Adrian"]
[Black "McFarland, Robert"]
[Result "1/2-1/2"]
[WhiteElo "2223"]
[BlackElo "2267"]

1.e4 g6 2.d4 Bg7 3.Nc3 d6 4.f4 Nf6 5.Nf3 O-O 6.Bd3 Na6 7.O-O c5 8.d5 Nb4
9.Be2 e6 10.a3 Na6 11.dxe6 fxe6 12.e5 dxe5 13.Nxe5 Qe7 14.Bf3 Nc7 15.Qe2 Rb8
16.Bd2 Nd7 17.Nc4 b6 18.Rfe1 Re8 19.a4 Ba6 20.b3 Bd4+ 21.Kh1 Qg7 22.Qd3 Rbd8
23.Bc6 Rf8 24.Qg3 Nf6 25.Rad1 Nh5 26.Qf3 Nxf4 27.Bxf4 Bxc3 28.Rxd8 Rxd8 29.Rd1 Rxd1+
30.Qxd1 Qe7 31.Qf3 Bg7 32.Bd6 Qd8 33.Qg3 Ne8 34.Bxe8 Qxe8 35.Ne5 Qd8 36.Nc6 Qd7
37.Ne7+ Kh8 38.Qf4 Qe8 39.h4 h6 40.Qe4 Kh7 41.h5 e5 42.Nxg6 Kg8 43.Ne7+ Kh8
44.Qf5 Bb7 45.Ng6+ Kg8 46.Bxe5 Bxe5 47.Nxe5 Bc8 48.Qf6 Qxh5+ 49.Kg1 Qd1+  1/2-1/2

[Event "MK Cafe Cup-A"]
[Site "Koszalin"]
[Date "1999.08.13"]
[Round "10"]
[White "Pedzich, Dominik"]
[Black "Stryjecki, Marek"]
[Result "1/2-1/2"]
[WhiteElo "2428"]
[BlackElo "2448"]

1.e4 g6 2.d4 Bg7 3.Nc3 d6 4.f4 Nc6 5.Nf3 Bg4 6.Be3 Bxf3 7.gxf3 e6 8.Bb5 Ne7
9.Qd2 a6 10.Ba4 d5 11.Bxc6+ Nxc6 12.O-O-O f5 13.h4 h5 14.Rhg1 Kf7 15.Rg3 Bf6
16.Qg2 Rg8 17.Rg1 Ne7 18.Kb1 Bxh4 19.Rh3 Bf6 20.e5 Bg7 21.Bf2 Bh6 22.Ne2 Ke8
23.Bh4 Kd7 24.Rg3 Qe8 25.b3 Qf7 26.Bf6 Rae8 27.Qh3 Kc8 28.Qh4 Nc6 29.c3 Bf8
30.Nc1 Be7 31.Nd3 b6 32.Kb2 Ref8 33.Bg5 Bxg5 34.Qxg5 Kb7 35.Ne1 Ne7 36.Ng2 Rg7
37.Nh4 Kc8 38.Rh3 Rfg8 39.Qf6 Kd7 40.Rhg3 Rf8 41.Qg5 Qe8 42.Qh6 Rfg8 43.Qg5 c5
44.dxc5 bxc5 45.R3g2 Rf8  1/2-1/2

[Event "MK Cafe Cup-A"]
[Site "Koszalin"]
[Date "1999.08.13"]
[Round "10"]
[White "Magomedov, Magaram"]
[Black "Urban, Klaudiusz"]
[Result "0-1"]
[WhiteElo "2604"]
[BlackElo "2463"]

1.e4 g6 2.d4 Bg7 3.Nc3 d6 4.Be3 a6 5.Nf3 b5 6.Bd3 Bb7 7.e5 Nd7 8.e6 fxe6
9.Ng5 Nf8 10.O-O Nf6 11.Re1 Qd7 12.Bd2 h6 13.Nf3 Rc8 14.a4 b4 15.Ne4 Nxe4
16.Bxe4 Bxe4 17.Rxe4 a5 18.c3 c5 19.Qe1 cxd4 20.cxb4 e5 21.b5 Ne6 22.b4 axb4
23.b6 Nc5 24.a5 O-O 25.Bxb4 Nxe4 26.Qxe4 Qb5 27.Bd2 d5 28.Qxg6 Rc6 29.Qg4 e4
30.Ne5 e3 31.fxe3 dxe3 32.Nxc6 exd2 33.Nxe7+ Kh7 34.Qg6+ Kh8 35.Nf5 Qc5+
36.Kf1 Qc1+  0-1

[Event "Mipap Cup"]
[Site "Olomouc"]
[Date "1999.08.13"]
[Round "8"]
[White "Rechel, Bernd"]
[Black "Van Wissen, Michiel E"]
[Result "1-0"]
[WhiteElo "2404"]
[BlackElo "2201"]

1.e4 g6 2.d4 Bg7 3.Nc3 d6 4.Nf3 Nf6 5.Bc4 c6 6.Qe2 O-O 7.e5 Nd5 8.exd6 Qxd6
9.Ne4 Qc7 10.O-O Nd7 11.Re1 N7b6 12.Bb3 Bg4 13.Neg5 h6 14.h3 Bf5 15.Ne4 Nf4
16.Qf1 Rad8 17.Ng3 Bc8 18.Ne5 Nfd5 19.c4 Nf6 20.Be3 Be6 21.Rad1 Nbd7 22.Nf3 Nb6
23.Qe2 Kh7 24.Ne5 Nbd7 25.Nf3 Nb6 26.Rc1 Qb8 27.Qd2 c5 28.d5 Qc8 29.Qa5 Bxh3
30.Bxc5 Nh5 31.Nxh5 gxh5 32.gxh3 Qxh3 33.Re3 Qg4+ 34.Kf1 Bxb2 35.Rc2 Bf6
36.Qd2 Nd7 37.Qd3+ Kh8 38.Bxe7 Bxe7 39.Rxe7 Qh3+ 40.Ke1 Nf6 41.Rce2 h4 42.R2e3 Qh1+
43.Ke2 h3 44.Qd4 Rd6 45.c5 Ra6 46.d6 Kg7 47.R3e6  1-0

[Event "Baunatal op 5th"]
[Site "Baunatal"]
[Date "1999.08.14"]
[Round "5"]
[White "Rohde, Torsten"]
[Black "Rehbein, Ullrich"]
[Result "1-0"]
[WhiteElo "1743"]
[BlackElo "1695"]

1.e4 g6 2.d4 Bg7 3.Nc3 d6 4.Be3 Nf6 5.f3 O-O 6.Qd2 Na6 7.O-O-O c6 8.Kb1 Nc7
9.g4 b5 10.h4 h5 11.gxh5 Nxh5 12.Nh3 Qe8 13.Nf4 Nxf4 14.Bxf4 Ne6 15.Be3 b4
16.Ne2 c5 17.d5 Nc7 18.Nc1 f5 19.Bd3 e5 20.Bh6 f4 21.Bxg7 Kxg7 22.Rdg1 Kf6
23.Rg5 Rh8 24.Qg2 Bd7 25.Rg1 Rh6 26.h5 Rd8 27.Nb3 Qf7 28.Rf5+ Bxf5 29.Qg5+ Kg7
30.Qxd8 Qd7 31.Qb8 Bh3 32.Rxg6+ Rxg6 33.hxg6 a6 34.Qb7 Bg2 35.Nd2 Kxg6 36.b3 a5
37.Qa7 a4 38.Qxa4 Qxa4 39.bxa4 Kf7 40.Be2 Ke7 41.a3 bxa3 42.Ka2 Kd7 43.Kxa3 Na8
44.a5 Kc7 45.Ka4 Kb7 46.Nc4 Kc7 47.Kb5 Bh3 48.Ka6 Kd7 49.Kb7 Nc7 50.Nb6+ Kd8
51.a6 Nxa6 52.Bxa6 Bg2 53.Be2  1-0

[Event "Baunatal op 5th"]
[Site "Baunatal"]
[Date "1999.08.14"]
[Round "6"]
[White "Bolduan, Sebastian"]
[Black "Kruse, Joerg"]
[Result "1/2-1/2"]
[WhiteElo "1804"]
[BlackElo "2180"]

1.e4 d6 2.d4 g6 3.Nc3 Bg7 4.Be3 Nf6 5.f3 Nbd7 6.Qd2 e5 7.Nge2 O-O 8.Bh6 Nxe4
9.fxe4 Qh4+ 10.g3 Qxh6 11.Qxh6 Bxh6 12.Nb5 c5 13.d5 Nf6 14.Nxd6 Bg4 15.Bg2 Rad8
16.Nc4 Rfe8 17.Nc3 a6 18.O-O Nh5 19.Rae1 b5 20.Ne3 Bc8 21.a4  1/2-1/2

[Event "Mipap Cup"]
[Site "Olomouc"]
[Date "1999.08.14"]
[Round "9"]
[White "Klima, Lukas"]
[Black "Tibensky, Robert"]
[Result "0-1"]
[WhiteElo "2310"]
[BlackElo "2432"]

1.e4 g6 2.d4 Bg7 3.Nc3 d6 4.f4 a6 5.a4 Nf6 6.Nf3 c5 7.d5 O-O 8.Bc4 e6 9.O-O exd5
10.Bxd5 Nxd5 11.Nxd5 Nc6 12.Kh1 f5 13.e5 dxe5 14.fxe5 Be6 15.Nf6+ Bxf6 16.exf6 Bc4
17.Bg5 Kf7 18.Qe1 Bxf1 19.Qh4 h5 20.Rxf1 b5 21.Qg3 Ra7 22.Be3 Rd7 23.Ng5+ Kxf6
24.Nh7+ Kg7 25.Nxf8 Qxf8 26.axb5 axb5 27.Qf3 Ne5 28.Qe2 Nc4 29.Bg5 Qf7 30.b3 Nd6
31.Bf4 c4 32.Bxd6 Rxd6 33.Qe5+ Qf6 34.Qxb5 c3 35.h3 Rd2 36.Rc1 Qd4 37.Qb7+ Kh6
38.Qf3 Rf2 39.Qa8 Kg5 40.Qb8 Kh4 41.Kh2 f4 42.Rf1 Rxf1 43.g3+ Kg5 44.Qb5+ Kh6
45.Qxf1 Qd2+ 46.Kh1 fxg3 47.Qf8+ Kg5 48.Qe7+ Kf4 49.Qf6+ Ke3 50.Qg5+ Kf2
51.Qc5+ Qe3  0-1

[Event "Mipap Cup"]
[Site "Olomouc"]
[Date "1999.08.16"]
[Round "11"]
[White "Held, Markus"]
[Black "Klima, Lukas"]
[Result "0-1"]
[WhiteElo "2195"]
[BlackElo "2310"]

1.e4 g6 2.d4 d6 3.Nc3 Bg7 4.Be3 a6 5.Qd2 b5 6.h4 Bb7 7.f3 Nf6 8.Nge2 Nbd7
9.g4 h5 10.g5 Nh7 11.Ng3 c5 12.Be2 O-O 13.d5 Qc7 14.O-O e6 15.dxe6 fxe6 16.f4 b4
17.Nd1 d5 18.exd5 exd5 19.c3 Rad8 20.Kh2 d4 21.cxd4 cxd4 22.Bg1 Qd6 23.Rc1 Nb6
24.Bd3 Rde8 25.Ne2 Qd5 26.Ng3 Re6 27.f5 Be5 28.Kh3 Bxg3 29.fxe6 Qxe6+ 30.Bf5 Rxf5
31.Rxf5 Qxf5+ 32.Kxg3 Qg4+ 33.Kf2 Qg2+ 34.Ke1 Qxg1+ 35.Ke2 Qg4+ 36.Kf1 Qh3+
37.Ke2 Bf3+ 38.Kd3 Qf5+ 39.Kxd4 Qe4+ 40.Kc5 Na4+ 41.Kd6 Nf8 42.Qe3 Qd5+ 43.Ke7 Qd7+  0-1

[Event "FRA-ch qual"]
[Site "Bescanon"]
[Date "1999.08.18"]
[Round "1"]
[White "Sarthou, Gaetan"]
[Black "Sanchez, Nicolas"]
[Result "1-0"]
[WhiteElo "2290"]
[BlackElo "2160"]

1.e4 g6 2.d4 d6 3.Nc3 Bg7 4.Be3 a6 5.Qd2 b5 6.O-O-O Bb7 7.f3 Nd7 8.Kb1 Rc8
9.h4 h5 10.Nh3 Ngf6 11.Ng5 O-O 12.g4 c5 13.gxh5 Nxh5 14.Bh3 cxd4 15.Bxd4 Bxd4
16.Qxd4 Rc4 17.Qe3 Qb6 18.Qxb6 Nxb6 19.Rhg1 Nf4 20.Bf1 Rc5 21.Ne2 Nxe2 22.Bxe2 Bc8
23.f4 f6 24.Nf3 Kf7 25.Rg3 Bb7 26.Bd3 e5 27.Rdg1 Rg8 28.f5 Rcc8 29.fxg6+ Kg7
30.h5 Rb8 31.Nh4 Bc8 32.Be2 Rh8 33.Rh1 f5 34.exf5 Nd5 35.Rd1 Nf4 36.Rxd6 Nxh5
37.Bxh5 Rxh5 38.f6+ Kh6 39.Rd8  1-0

[Event "FRA-ch qual"]
[Site "Bescanon"]
[Date "1999.08.19"]
[Round "2"]
[White "Sorin, Maxime"]
[Black "Aurel, Luc"]
[Result "1/2-1/2"]
[WhiteElo "2249"]
[BlackElo "2119"]

1.e4 d6 2.d4 g6 3.Nc3 Bg7 4.f4 e6 5.Nf3 d5 6.e5 Ne7 7.Bd3 b6 8.Ne2 Ba6 9.Bxa6 Nxa6
10.c3 Qd7 11.O-O h5 12.Qd3 Nb8 13.b3 a6 14.Ba3 Nf5 15.c4 Nc6 16.Rac1 Nce7
17.Nc3 O-O 18.cxd5 exd5 19.Nd1 Bh6 20.Ng5 Bxg5 21.fxg5 Rfe8 22.Bxe7 Rxe7
23.Ne3 Nxe3 24.Qxe3 c5 25.Rf6 cxd4 26.Qxd4 Re6 27.Rcf1 Rae8 28.Rxe6 Rxe6
29.Rd1 Qe7 30.Qxd5 Rxe5 31.Qd8+ Kg7 32.Qxe7 Rxe7 33.Rd6 Re6 34.Rd2 Kf8 35.Kf2  1/2-1/2

[Event "Abu Dhabi Masters op"]
[Site "Abu Dhabi"]
[Date "1999.08.21"]
[Round "1"]
[White "Ali, S."]
[Black "Dzhumaev, Murat"]
[Result "0-1"]
[WhiteElo "2142"]
[BlackElo "2457"]

1.e4 g6 2.d4 Bg7 3.Nc3 d6 4.f4 Nf6 5.Nf3 O-O 6.Be3 Na6 7.e5 Ng4 8.Bg1 c5
9.d5 dxe5 10.h3 Qb6 11.Bxa6 bxa6 12.hxg4 Qxb2 13.Ne4 exf4 14.Rb1 Qxa2 15.Bxc5 f5
16.Ned2 Qxd5  0-1

[Event "ESP-ch"]
[Site "Palencia"]
[Date "1999.08.21"]
[Round "3"]
[White "Durban Piera, Joan"]
[Black "Gonzalez Velez, Fermin"]
[Result "0-1"]
[WhiteElo "2195"]
[BlackElo "2344"]

1.e4 d6 2.d4 g6 3.Nc3 Bg7 4.Be3 a6 5.Be2 b5 6.a3 Bb7 7.h4 Nd7 8.h5 c5 9.h6 Bxd4
10.Bxd4 cxd4 11.Qxd4 Ngf6 12.Nd5 e5 13.Qb4 Nxd5 14.exd5 Nb6 15.Bf3 Rc8 16.O-O-O O-O
17.g3 Rc4 18.Qe1 Qc7 19.Rd2 Rc8 20.Qd1 Qc5 21.Rh4 b4 22.axb4 Qxb4 23.Rd3 Na4
24.Rxc4 Qxb2+ 25.Kd2 Rxc4 26.Rb3 Rd4+ 27.Rd3 Rxd3+ 28.Kxd3 Qd4+ 29.Ke2 Nc3+  0-1

[Event "Pyramiden Franken Cup"]
[Site "Fuerth"]
[Date "1999.08.22"]
[Round "2"]
[White "Kogan, Artur"]
[Black "Botschek, Martin"]
[Result "1-0"]
[WhiteElo "2518"]
[BlackElo "2261"]

1.e4 g6 2.d4 Bg7 3.Nc3 d6 4.Be3 c6 5.Qd2 Nd7 6.h4 h5 7.Nh3 Ngf6 8.f3 b5 9.Ng5 Bb7
10.O-O-O Qa5 11.Kb1 a6 12.Qf2 Rc8 13.e5 Nd5 14.Nxd5 cxd5 15.e6 fxe6 16.Nxe6 Bf6
17.Bd3 Kf7 18.Qg3 Rhg8 19.Rhe1 Nf8 20.Ng5+ Ke8 21.Bf4 Kd7 22.Nf7 Qb6 23.Bg5 Rg7
24.Qh3+ Ke8 25.Bxf6 Rxf7 26.Bg5 Rc7 27.g4 Bc8 28.Qg2 Qc6 29.Bh6 Rf6 30.Bg7 Rf4
31.gxh5 gxh5 32.Qg5  1-0

[Event "Zurich Hilton op"]
[Site "Zurich"]
[Date "1999.08.22"]
[Round "9"]
[White "Regez, Markus"]
[Black "Joksic, Sinisa"]
[Result "0-1"]
[WhiteElo "2143"]
[BlackElo "2288"]

1.d4 g6 2.e4 Bg7 3.Nc3 d6 4.Be3 Nf6 5.Qd2 c6 6.Bd3 Ng4 7.Nge2 Nxe3 8.Qxe3 Qb6
9.O-O-O Qa5 10.Bc4 b5 11.Bb3 Nd7 12.Qf3 O-O 13.h4 b4 14.Nb1 Nf6 15.Nd2 h5
16.Qg3 d5 17.Nf4 Kh7 18.Rhe1 e6 19.f3 Qb5 20.e5 Ng8 21.Re3 Ne7 22.c4 Qb8
23.Bc2 Bh6 24.Ree1 a5 25.Nxh5 dxc4 26.Nf6+ Kh8 27.h5 Nf5 28.Bxf5 gxf5 29.Kb1 Qb5
30.Nde4 fxe4 31.Rxe4 c3 32.b3 a4  0-1

[Event "FRA-ch G2 playoff"]
[Site "Bescanon"]
[Date "1999.08.23"]
[Round "4"]
[White "Fressinet, Laurent"]
[Black "Bacrot, Etienne"]
[Result "0-1"]
[WhiteElo "2440"]
[BlackElo "2592"]

1.e4 g6 2.d4 Bg7 3.Nc3 d6 4.Nf3 Nd7 5.Be3 c6 6.Qd2 b5 7.Bd3 Bb7 8.a4 b4 9.Ne2 a5
10.c3 bxc3 11.bxc3 Ngf6 12.O-O O-O 13.Rab1 Ba6 14.Rfd1 Bxd3 15.Qxd3 Qc7 16.h3 Rab8
17.Bf4 Rxb1 18.Rxb1 Rb8 19.e5 Rxb1+ 20.Qxb1 Nd5 21.exd6 exd6 22.Bg3 N7b6
23.Qb3 c5 24.Qb5 cxd4 25.cxd4 Bf8 26.Qxa5 Qc2 27.Qb5 Qxa4 28.Qxa4 Nxa4 29.Kf1 h6
30.Nd2 Nab6 31.h4 f5 32.Nf4 Kf7 33.Ke2 Nc7 34.Kd3 g5 35.hxg5 hxg5 36.Ne2 Nbd5
37.Nc4 Ke6 38.f3 Nb4+ 39.Kc3 Nc6 40.Kd3 Nb5 41.Nb6 d5 42.Na4 Nb4+ 43.Kd2 Nc6
44.Kd3 Bb4 45.Bf2 Bd6 46.Nac3 Nb4+ 47.Kd2 Na3 48.Nb5 Nxb5 49.g4 f4 50.Nc1 Na3
51.Nb3 Nc4+ 52.Ke2 Nc6 53.Kd3 Be7 54.Nc1 N4a5 55.Ne2 Bb4 56.Nc1 Kd6 57.Ne2 Nd8
58.Ng1 Ne6 59.Ne2 Nc4 60.Nc1 Kc6 61.Nb3 Na5 62.Nc1 Kb5 63.Ne2 Nc4 64.Nc1 Na5
65.Ne2 Ka4 66.Nc1 Ka3 67.Kc2 Nc6 68.Ne2 Ba5 69.Kd3 Kb2 70.Bg1 Nb4+ 71.Kd2 Na2+  0-1

[Event "BIH-chT"]
[Site "Bihac"]
[Date "1999.08.24"]
[Round "4"]
[White "Muratovic, En"]
[Black "Sinanovic, Muhamed"]
[Result "1-0"]
[WhiteElo "2240"]
[BlackElo "2381"]

1.e4 g6 2.d4 Bg7 3.Nc3 d6 4.Be3 c6 5.Qd2 b5 6.f3 a6 7.Nge2 Nd7 8.a3 Qc7 9.g4 e5
10.d5 c5 11.h4 h5 12.gxh5 gxh5 13.Rg1 Bf6 14.Bg5 Nb6 15.Ng3 Bxg5 16.Qxg5 f6
17.Qg6+ Qf7 18.Qxf7+ Kxf7 19.Nd1 Ne7 20.Ne3 Bd7 21.Rd1 Rag8 22.Kf2 Nbc8 23.b3 Ng6
24.Ngf5 Nf4 25.Rxg8 Kxg8 26.a4 Kf7 27.axb5 axb5 28.Ra1 Rd8 29.Ra6 Ng6 30.Ra8 Rf8
31.Bxb5 Bxf5 32.Nxf5 Nge7 33.Bd7 Nxf5 34.Be6+ Kg7 35.exf5 Nb6 36.Ra7+ Kh6
37.Rb7 Na8 38.Ke3 Rh8 39.Rf7 c4 40.Rxf6+ Kg7  1-0

[Event "Pyramiden Franken Cup"]
[Site "Fuerth"]
[Date "1999.08.26"]
[Round "6"]
[White "Krug, Stefan"]
[Black "Seul, Georg"]
[Result "1/2-1/2"]
[WhiteElo "2187"]
[BlackElo "2445"]

1.e4 d6 2.d4 g6 3.Nc3 Bg7 4.Bc4 Nc6 5.Be3 Nf6 6.f3 O-O 7.Qd2 b6 8.Nge2 Na5
9.Bb3 c5 10.dxc5 bxc5 11.e5 dxe5 12.Qxd8 Rxd8 13.Bxc5 e6 14.Rd1 Rxd1+ 15.Nxd1 Nxb3
16.axb3 Bb7 17.Ne3 Nd7 18.Ba3 e4 19.f4 e5 20.g3 exf4 21.gxf4 Nf6 22.Rg1 Nh5
23.Kf2 Bf6 24.Ng4 Bh4+ 25.Ke3 Bc8 26.h3 Nf6 27.c4 h5 28.Nxf6+ Bxf6 29.Ng3 Bxh3
30.Nxh5 Bh8 31.Be7 Bxb2 32.Nf6+ Kg7 33.Nh5+ Kh6 34.Nf6 Kg7 35.Nh5+ Kh6 36.Nf6 Bxf6
37.Bxf6 Rb8 38.Rb1 Rb6 39.Bd4 Rb7 40.b4 Kh5  1/2-1/2

[Event "FRA-ch qual"]
[Site "Bescanon"]
[Date "1999.08.28"]
[Round "11"]
[White "Guidarelli, Laurent"]
[Black "Chabanon, Jean Luc"]
[Result "1-0"]
[WhiteElo "2310"]
[BlackElo "2456"]

1.e4 d6 2.d4 g6 3.Nc3 Bg7 4.Be3 a6 5.Qd2 b5 6.Bd3 Nd7 7.a4 b4 8.Nce2 a5 9.Nf3 Bb7
10.Ng3 Ngf6 11.Bh6 Bxh6 12.Qxh6 e6 13.O-O-O Nb6 14.e5 dxe5 15.dxe5 Nfd5 16.Nd4 Kd7
17.Ne4 Kc8 18.Bb5 Qe7 19.Nc6 Qf8 20.Qh4 Ba6 21.Rd3 Bxb5 22.axb5 a4 23.Kb1 b3
24.c4 Nxc4 25.Rc1 Ncb6 26.Nc5 h6 27.Na6 g5 28.Qd4 Qe8 29.Qc5 Qd7 30.Ne7+ Kb7
31.Nxd5 Nxd5 32.Qc4 Kb6 33.Qd4+ Ka5 34.Rc5 Rhd8 35.Qc4 Rxa6 36.bxa6+ Kb6
37.Rdxd5 Qxd5 38.Qb4+ Kxa6 39.Qa5+  1-0

[Event "Pyramiden Franken Cup"]
[Site "Fuerth"]
[Date "1999.08.28"]
[Round "8"]
[White "Afek, Yochanan"]
[Black "Seul, Georg"]
[Result "1-0"]
[WhiteElo "2360"]
[BlackElo "2445"]

1.e4 d6 2.d4 g6 3.Nc3 Bg7 4.Nf3 Nf6 5.Be3 a6 6.Qd2 b5 7.Bh6 O-O 8.Bxg7 Kxg7
9.Bd3 Bb7 10.e5 Nd5 11.Ne4 e6 12.O-O-O Qe7 13.h4 h6 14.Rh3 Nd7 15.Rg3 Rh8
16.h5 g5 17.Nfxg5 hxg5 18.Nf6 N7xf6 19.Qxg5+ Kf8 20.Qg7+ Ke8 21.Qxh8+ Kd7
22.exf6 Rxh8 23.fxe7 Rxh5 24.Rg7 Ke8 25.Be4 Rh4 26.g4 Kxe7 27.Rh1 Rxh1+ 28.Bxh1 Kf8
29.Rg5 f6 30.Rh5 Kg7 31.Be4  1-0

[Event "Pyramiden Franken Cup"]
[Site "Fuerth"]
[Date "1999.08.28"]
[Round "8"]
[White "Hepting, Heinrich"]
[Black "Botschek, Martin"]
[Result "1-0"]
[WhiteElo "2209"]
[BlackElo "2261"]

1.e4 g6 2.d4 Bg7 3.Nc3 d6 4.Be2 Nf6 5.g4 h5 6.g5 Nfd7 7.Nf3 c5 8.d5 Na6 9.Nh4 Qa5
10.Bd2 Qb4 11.f3 Qxb2 12.Rb1 Qa3 13.Rb3 Qa5 14.f4 c4 15.Bxc4 Ndc5 16.Na4 Qc7
17.Bxa6 bxa6 18.Nxc5 Qxc5 19.Bb4 Qd4 20.Qxd4 Bxd4 21.Bc3 Bxc3+ 22.Rxc3 Rb8
23.Kd2 Kd8 24.Rb3 Rb6 25.Rhb1 Kc7 26.Rc3+ Kd8 27.Rcb3 Kc7 28.Rc3+ Kd8 29.Rbb3 Bd7
30.Rxb6 axb6 31.Rb3 Kc7 32.f5 Rg8 33.Rc3+ Kd8 34.Rg3 Be8 35.Ke3 Bb5 36.Kd4 Be2
37.Re3 Bb5 38.c4 Bd7 39.fxg6 fxg6 40.Rb3 Kc7 41.Rf3 Be8 42.e5 a5 43.Rf4 Ba4
44.Re4 Kd7 45.exd6 exd6 46.Re6 Bc2 47.Kc3 Bb1 48.Re1 Bxa2 49.Ra1 b5 50.Rxa2 Rc8
51.Nxg6 Rxc4+ 52.Kd3 Rg4 53.Nf8+ Ke7 54.Ne6 a4 55.Ra1 h4 56.Rc1 h3 57.g6 a3
58.g7 Kf7 59.Kc3 Kf6 60.Kb3 b4 61.Rf1+ Ke7 62.Rf8 Rxg7 63.Nxg7 Kxf8 64.Nf5 Kf7
65.Ne3 Kf6 66.Nc2 Ke5 67.Nxb4 Ke4 68.Kxa3 Kf3 69.Ka4 Kg2 70.Nd3 Kxh2 71.Nf4  1-0

[Event "Pyramiden Franken Cup"]
[Site "Fuerth"]
[Date "1999.08.29"]
[Round "9"]
[White "Gasparian, Tigran"]
[Black "Hoennekes, Klaus"]
[Result "1-0"]
[WhiteElo "2263"]
[BlackElo "2126"]

1.d4 g6 2.e4 Bg7 3.Nc3 d6 4.Nf3 d5 5.h3 Nf6 6.e5 Ne4 7.Bd3 Nxc3 8.bxc3 c5
9.O-O O-O 10.Bg5 f6 11.exf6 exf6 12.Bf4 c4 13.Be2 Nc6 14.Re1 Re8 15.Rb1 b6
16.Nd2 Ba6 17.Bg4 Bc8 18.Bf3 Rxe1+ 19.Qxe1 Bf5 20.Nxc4 Be4 21.Bxe4 dxe4 22.Qxe4 Qd7
23.Re1 Bf8 24.Qe6+ Qxe6 25.Rxe6 Ne7 26.Bd2 Kf7 27.Rd6 Rc8 28.Ne3 Rc7 29.Kf1 f5
30.Ke2 Nc6 31.Rf6+ Kg8 32.Kd3 Nd8 33.Nd5 Rb7 34.Bf4 Nf7 35.c4 g5 36.Be5 b5
37.Rxf5 bxc4+ 38.Kxc4 Bg7 39.Nf6+ Bxf6 40.Rxf6 Rb2 41.Kd3 Nxe5+ 42.dxe5 Rxa2
43.e6 Ra3+ 44.c3  1-0

[Event "JUG-chT playoff"]
[Site "Vrnjacka Banja"]
[Date "1999.08.31"]
[Round "3"]
[White "Ivanisevic, Ivan"]
[Black "Strikovic, Aleksa"]
[Result "1/2-1/2"]
[WhiteElo "2447"]
[BlackElo "2518"]

1.d4 d6 2.e4 g6 3.Nc3 Bg7 4.Bg5 c6 5.Qd2 Nd7 6.f4 b5 7.Nf3 Bb7 8.e5 f6 9.exf6 exf6
10.Bh4 Nh6 11.Bd3 O-O 12.O-O d5 13.f5 g5 14.Bf2 Nb6 15.h4 Nc4 16.Bxc4 bxc4
17.hxg5 Nxf5 18.Na4 Nd6 19.Nc5 Ne4 20.Nxe4 dxe4 21.gxf6 Bxf6 22.Nh2 Qd5 23.Ng4 Bg7
24.Rad1 Rad8 25.Qe2 Qe6 26.c3 Bc8 27.Ne3 Qh6 28.Bg3 Be6 29.Bc7 Rde8 30.Bd6 Rf7  1/2-1/2

[Event "KGSRL Masters 2nd"]
[Site "Gent"]
[Date "1999.09.05"]
[Round "2"]
[White "Eliet, Nicolas"]
[Black "Bezsilko, Philippe"]
[Result "1-0"]
[WhiteElo "2398"]
[BlackElo "2280"]

1.d4 d6 2.e4 g6 3.Nc3 Bg7 4.Bg5 c6 5.Qd2 Qa5 6.f4 Nd7 7.Nf3 Ngf6 8.e5 dxe5
9.fxe5 Nd5 10.Bd3 Nxc3 11.bxc3 Nb6 12.O-O Be6 13.Qe2 Na4 14.Bd2 h6 15.c4 Qc7
16.Rab1 O-O 17.Rb4 Nb6 18.c5 Nd7 19.Qf2 b6 20.cxb6 axb6 21.Qh4 c5 22.Bxh6 Bxe5
23.Nxe5 Nxe5 24.Bf4 cxd4 25.Rb5  1-0